000 00837nam a2200265Ia 4500
001 Para_6890
003 CHAP
008 220125s1984 xx 000 0 und d
010 _a205206
040 _cCHAP
090 _aPA FOLLETO 808
110 _aUACh. Dirección Académica
_9115913
245 _aResúmenes :
_b Primera presentación de trabajos de investigación agrícola en el campo experimental /
_c por UACh Dirección Académica
260 _aChapingo, Méx. :
_b La Universidad
300 _a50 p.
650 _aAgricultura
_x investigación
_91577
650 _aUniversidades
_x Chapingo, Méx.
_x investigación
_9171194
901 _aPA FOLLETO 808
902 _aA
905 _a0000001984 0000000000 00
910 _a1984
942 _cPARA
942 _cPARA
_d1
999 _c205206
_d205206